Statistics for New Orleans Pelicans: Leading Scorer Every Year

Click here to take the quiz!

General Stats

  • This quiz has been taken 558 times
    (227 since last reset)
  • The average score is 15 of 21

Answer Stats

YearPlayerAverage% Correct
2022-2023Zion Williamson26.0
98%
2020-2021Zion Williamson27.0
98%
2018-2019Anthony Davis25.9
94%
2017-2018Anthony Davis28.1
94%
2016-2017Anthony Davis28.0
94%
2015-2016Anthony Davis24.3
94%
2014-2015Anthony Davis24.4
94%
2013-2014Anthony Davis20.8
94%
2003-2004Baron Davis22.9
93%
2004-2005Baron Davis18.9
93%
2019-2020Brandon Ingram23.8
93%
2008-2009Chris Paul22.8
91%
2007-2008Chris Paul21.1
91%
2021-2022CJ McCollum24.3
72%
2010-2011David West18.9
45%
2009-2010David West19.0
45%
2006-2007David West18.3
45%
2005-2006David West17.1
45%
2002-2003Jamal Mashburn21.6
27%
2011-2012Eric Gordon20.6
22%
2012-2013Eric Gordon17.0
22%

Score Distribution

Percentile by Number Answered

Percent of People with Each Score

Your Score History

You have not taken this quiz since the last reset